Jubilejné desiate zlato pre Fortunu

Bibliographic Details
Format: Article
Language:Slovak
PhysicalDescription:Fotogr.
ISSN:1210-2423
Subjects:

MARC

LEADER 00000nab a2200000 ar4500
001 vtls010293975
003 SK-MaSNL
005 20260303210633.0
008 110721c2011 xo wr|p|||||||000 b|slo
038 |a PPPK 
040 |a PPPKCL  |b slo  |c PPPKCL  |e AACR2 
041 0 |a slo 
044 |a xo  |c SK 
080 |a 793.33(8).093  |2 2001 
245 0 0 |a Jubilejné desiate zlato pre Fortunu  |c [text a foto] (tcf) 
300 |b Fotogr. 
610 2 7 |a Fortuna (tanečná skupina : Poprad, Slovensko)  |2 pppkcl  |9 1104227 
648 7 |a sezóna 2010/2011  |2 pppkcl  |9 1038786 
650 0 7 |a spoločenské tance  |2 pppkcl  |9 29452 
650 0 7 |a latinskoamerické tance  |2 pppkcl  |9 75641 
650 0 7 |a tanečné súťaže  |2 pppkcl  |9 74115 
651 7 |a Poprad (Slovensko)  |2 pppkcl  |9 20155 
773 0 |t Podtatranské noviny  |g Roč. LII, č. 26 (2011), s. 8  |x 1210-2423 
852 |a PPPK  |b KIS3GCP 
999 |c 2201016  |d 2202946